000 00523nam a2200181 i 4500
001 bg
100 1 _aBULA, Krystyna
245 0 _aElektrotechnika :
_blaboratorium /
_cKrystyna Bula ; Politechnika Rzeszowska im. Ignacego łukasiewicza.
260 _aRzeszów,
_c1991.
300 _a96 s. :
_brys., wykr. ;
_c23 cm.
504 _aBibliogr. s. 96.
710 _aPOLITECHNIKA RZESZOWSKA (Rzeszów)
040 _cBPK
041 _apol
080 _a621.3(075.8)
942 _cKS
008 s pl f |000 0 pol
999 _c6417
_d6417
856 _uhttp://koha.tu.koszalin.pl/cgi-bin/koha/opac-detail.pl?biblionumber=6417
_yKatalog online BPK